| 000 | 00684cam a2200289ua 4500 | ||
|---|---|---|---|
| 020 | _c5.00 | ||
| 041 |
_amal _h |
||
| 082 |
_a636.5 _bPOT/LA |
||
| 100 | _aPotti, S . | ||
| 245 |
_aLabhakaramaya Kozhivalarthal / _cS Potti. _hTextual Documents |
||
| 250 |
_a1 / _b. |
||
| 260 |
_aThrissur : _bKerala Agricultural University , _c1980. |
||
| 300 | _a164 ; . | ||
| 365 | _a5.00 | ||
| 504 | _a | ||
| 942 | _cBK | ||
| 999 |
_c10886 _d10886 |
||